| 000 | 00822cam a2200253 i 4500 | ||
|---|---|---|---|
| 001 | 3194223 | ||
| 003 | OSt | ||
| 005 | 20230620131824.0 | ||
| 008 | 770617s1977 cau b 000 0 eng | ||
| 010 | _a 77024516 | ||
| 020 |
_a0716701944. _a0716701936 |
||
| 040 |
_aDLC _cDLC _dDLC |
||
| 043 | _an-us--- | ||
| 082 | 0 | 0 |
_a320.97 _bCAP |
| 245 | 0 | 4 |
_aThe Politics of policy making in America : _bfive case studies / _cedited by David A. Caputo. |
| 260 |
_aSan Francisco : _bW. H. Freeman, _cc1977. |
||
| 300 |
_a189 p. ; _c24 cm. |
||
| 504 | _aIncludes bibliographical references. | ||
| 650 | 0 |
_aPolicy sciences _xCase studies. |
|
| 651 | 0 |
_aUnited States _xPolitics and government _y1945-1989 _xCase studies. |
|
| 700 | 1 |
_aCaputo, David A., _d1943- |
|
| 906 |
_a7 _bcbc _corignew _d1 _eocip _f19 _gy-gencatlg |
||
| 942 |
_2ddc _cBK |
||
| 999 |
_c1721 _d1721 |
||